000 00523pab a2200169 454500
008 180718b1986 xxu||||| |||| 00| 0 eng d
100 _aWhorton, Joseph W. Jr.
245 _aThe culture of university public service
_bA national survey of the perspectives of users and providers
260 _c1986
300 _a38-47
362 _aJan.-Feb.
650 _aPublic Administration - Study and Teaching
700 _aDelmer D. Dunn
700 _aFrank K. Gibson
773 _aPublic Administration Review
909 _a16576
999 _c16576
_d16576